|
|
|
|
| LEADER |
00000cam a22000004a 4500 |
| 001 |
musev2_46992 |
| 003 |
MdBmJHUP |
| 005 |
20230905044916.0 |
| 006 |
m o d |
| 007 |
cr||||||||nn|n |
| 008 |
160701s2016 inu o 00 0 eng d |
| 010 |
|
|
|z 2016030895
|
| 020 |
|
|
|a 9780268100919
|
| 020 |
|
|
|z 9780268100896
|
| 020 |
|
|
|z 9780268100926
|
| 020 |
|
|
|z 9780268100902
|
| 035 |
|
|
|a (OCoLC)952943108
|
| 040 |
|
|
|a MdBmJHUP
|c MdBmJHUP
|
| 100 |
1 |
|
|a Schmuhl, Robert,
|e author.
|
| 245 |
1 |
0 |
|a Fifty Years with Father Hesburgh :
|b On and Off the Record /
|c Robert Schmuhl.
|
| 264 |
|
1 |
|a Notre Dame, Indiana :
|b University of Notre Dame Press,
|c [2016]
|
| 264 |
|
3 |
|a Baltimore, Md. :
|b Project MUSE,
|c 2016
|
| 264 |
|
4 |
|c ©[2016]
|
| 300 |
|
|
|a 1 online resource (170 pages).
|
| 336 |
|
|
|a text
|b txt
|2 rdacontent
|
| 337 |
|
|
|a computer
|b c
|2 rdamedia
|
| 338 |
|
|
|a online resource
|b cr
|2 rdacarrier
|
| 505 |
0 |
|
|a Cover; FIFTY YEARS WITH FATHER HESBURGH; Title; Copyright; Dedication; Contents; Acknowledgments; Rev. Theodore M. Hesburgh, C.S.C., Through the Years; Prologue ; ONE Ted the Head; TWO Reverend Father President; THREE White House Memories; FOUR Lessons from Friendship; FIVE An Unretiring Retirement; Epilogue.
|
| 546 |
|
|
|a English.
|
| 588 |
|
|
|a Description based on print version record.
|
| 600 |
1 |
7 |
|a Hesburgh, Theodore M.
|q (Theodore Martin),
|d 1917-2015.
|2 fast
|0 (OCoLC)fst00013038
|
| 600 |
1 |
0 |
|a Hesburgh, Theodore M.
|q (Theodore Martin),
|d 1917-2015.
|
| 610 |
2 |
7 |
|a University of Notre Dame.
|2 fast
|0 (OCoLC)fst00530446
|
| 610 |
2 |
0 |
|a University of Notre Dame
|x History
|y 20th century.
|
| 610 |
2 |
0 |
|a University of Notre Dame
|x Presidents
|v Biography.
|
| 650 |
|
7 |
|a Presidents.
|2 fast
|0 (OCoLC)fst01075723
|
| 650 |
|
7 |
|a EDUCATION
|x Higher.
|2 bisacsh
|
| 650 |
|
7 |
|a BIOGRAPHY & AUTOBIOGRAPHY
|x Educators.
|2 bisacsh
|
| 655 |
|
7 |
|a History.
|2 fast
|0 (OCoLC)fst01411628
|
| 655 |
|
7 |
|a Biographies.
|2 fast
|0 (OCoLC)fst01919896
|
| 655 |
|
7 |
|a Electronic books.
|2 local
|
| 710 |
2 |
|
|a Project Muse.
|e distributor
|
| 830 |
|
0 |
|a Book collections on Project MUSE.
|
| 856 |
4 |
0 |
|z Texto completo
|u https://projectmuse.uam.elogim.com/book/46992/
|
| 945 |
|
|
|a Project MUSE - Custom Collection
|
| 945 |
|
|
|a Project MUSE - 2016 Complete
|
| 945 |
|
|
|a Project MUSE - 2016 Higher Education
|